<?xml version="1.0" encoding="UTF-8"?>
<record
    xmlns:xsi="http://www.w3.org/2001/XMLSchema-instance"
    xsi:schemaLocation="http://www.loc.gov/MARC21/slim http://www.loc.gov/standards/marcxml/schema/MARC21slim.xsd"
    xmlns="http://www.loc.gov/MARC21/slim">

  <leader>01478nam a22001577a 4500</leader>
  <datafield tag="999" ind1=" " ind2=" ">
    <subfield code="c">523866</subfield>
    <subfield code="d">523866</subfield>
  </datafield>
  <controlfield tag="008">231010b           ||||| |||| 00| 0 eng d</controlfield>
  <datafield tag="100" ind1=" " ind2=" ">
    <subfield code="a">Sreevidhya, V. </subfield>
    <subfield code="9">44081</subfield>
  </datafield>
  <datafield tag="245" ind1=" " ind2=" ">
    <subfield code="a">Women in the Agrarian Struggles of North Malabar: Narratives of resilience and fortitude </subfield>
  </datafield>
  <datafield tag="260" ind1=" " ind2=" ">
    <subfield code="a">Social Scientist </subfield>
  </datafield>
  <datafield tag="300" ind1=" " ind2=" ">
    <subfield code="a">51(7-8), Jul-Aug, 2023: p.17-28</subfield>
  </datafield>
  <datafield tag="520" ind1=" " ind2=" ">
    <subfield code="a">This study focuses on the role of women in the agrarian struggles of North Malabar, in the present state of Kerala. &#x201C;Though women played an important part in these, little attenuation has been paid to their crucial rule and struggles in the written histories of tenant struggles against landlords in the traditional agrarian system, women&#x2019;s labour comprised a substantial part of agricultural labour input, especially in the north Malabar region, which, which was the centre of sustained struggles of the verumpattakar or tenths. The extensive participation of women labourers n these agrarian struggles throws up several question. North Malabar is a region where women&#x2019;s activism stagyed alive even after the 1940s, and where women&#x2019;s organizations have had a mass following from then to the present day. In this region, where radical and national politics took deep roots and wields considerable influence even to this day, these linkage need further exploration. &#x2013; Reproduced  </subfield>
  </datafield>
  <datafield tag="650" ind1=" " ind2=" ">
    <subfield code="a">Women in the Agrarian, North Malabar</subfield>
    <subfield code="9">44082</subfield>
  </datafield>
  <datafield tag="773" ind1=" " ind2=" ">
    <subfield code="a">Social Scientist </subfield>
  </datafield>
  <datafield tag="906" ind1=" " ind2=" ">
    <subfield code="a">WOMEN</subfield>
  </datafield>
  <datafield tag="942" ind1=" " ind2=" ">
    <subfield code="c">AR</subfield>
  </datafield>
  <datafield tag="952" ind1=" " ind2=" ">
    <subfield code="0">0</subfield>
    <subfield code="1">0</subfield>
    <subfield code="2">ddc</subfield>
    <subfield code="4">0</subfield>
    <subfield code="7">0</subfield>
    <subfield code="9">398913</subfield>
    <subfield code="a">IIPA</subfield>
    <subfield code="b">IIPA</subfield>
    <subfield code="d">2023-10-10</subfield>
    <subfield code="h">51(7-8), Jul-Aug, 2023: p.17-28</subfield>
    <subfield code="p">AR129748</subfield>
    <subfield code="r">2023-10-10</subfield>
    <subfield code="y">AR</subfield>
  </datafield>
</record>
